Markets (Record no. 83019)
[ view plain ]
| 000 -LEADER | |
|---|---|
| fixed length control field | 01164cab a22002055a 4500 |
| 001 - CONTROL NUMBER | |
| control field | L152600 |
| 008 - FIXED-LENGTH DATA ELEMENTS--GENERAL INFORMATION | |
| fixed length control field | 110331e20110225xxk 000 0 eng d |
| 035 ## - SYSTEM CONTROL NUMBER | |
| System control number | (Sirsi) u152600 |
| 041 0# - LANGUAGE CODE | |
| Language code of text/sound track or separate title | eng |
| 100 1# - MAIN ENTRY--PERSONAL NAME | |
| Personal name | Hatcher, David |
| 245 00 - TITLE STATEMENT | |
| Title | Markets |
| Remainder of title | Thames Valley |
| 260 ## - PUBLICATION, DISTRIBUTION, ETC. | |
| Date of publication, distribution, etc. | 2011 |
| 490 #0 - SERIES STATEMENT | |
| Series statement | Property Week |
| Volume/sequential designation | 77(7) 25 February 2011, 43-52(5) |
| 520 ## - SUMMARY, ETC. | |
| Summary, etc. | Reading Borough Council and Visa may take up more than 170 000 sq ft of office space in Reading. Shearer and Standard Life Investments' 305 000 sq ft Parkway shopping centre will open in Newbury in October 2011. Segro will resubmit revised plans for a 1.6m sq ft new development at Slough Trading Estate. Prupim seeks to reduce its exposure in its 1.3m sq ft Green Park scheme in Reading. Danish fund PFA Invest International puts its Abbey Gardens office scheme in Reading up for sale for £23m. Aegon and Capella Estate have restarted speculative office development in Maidenhead. |
| 590 ## - LOCAL NOTE (RLIN) | |
| Local note | KA |
| 651 #4 - SUBJECT ADDED ENTRY--GEOGRAPHIC NAME | |
| Geographic name | Thames Valley |
| 690 ## - LOCAL SUBJECT ADDED ENTRY--TOPICAL TERM (OCLC, RLIN) | |
| Topical term or geographic name as entry element | PROPERTY-COMMERCIAL PROPERTY-COMMERCIAL PROPERTY MARKET |
| 690 ## - LOCAL SUBJECT ADDED ENTRY--TOPICAL TERM (OCLC, RLIN) | |
| Topical term or geographic name as entry element | PROPERTY-COMMERCIAL PROPERTY-COMMERCIAL PROPERTY FINANCE AND INVESTMENT |
| 942 ## - ADDED ENTRY ELEMENTS (KOHA) | |
| Suppress in OPAC | 0 |
| Withdrawn status | Lost status | Source of classification or shelving scheme | Damaged status | Not for loan | Home library | Current library | Shelving location | Date acquired | Total Checkouts | Full call number | Barcode | Date last seen | Copy number | Price effective from | Koha item type |
|---|---|---|---|---|---|---|---|---|---|---|---|---|---|---|---|
| Dewey Decimal Classification | London | London | Journal article | 31/03/2011 | L152600 | 152600-1001 | 06/08/2019 | 1 | 06/08/2019 | Journal article |